| 000 | 02120nam0a2200361 i 4500 | ||
|---|---|---|---|
| 001 | RU\NLR\BIBL_A\011400122 | ||
| 005 | 20240921101730.0 | ||
| 021 |
_aRU _b2017-35288 _92584 |
||
| 035 | _a(RuMoRGB)008884038 | ||
| 035 | _a(NLR Aleph) 011400122 | ||
| 090 |
_a11502992 _c11502992 |
||
| 100 | _a20170606d2014 u y0rusy50 ca | ||
| 101 | 0 | _arus | |
| 102 | _aRU | ||
| 105 | _aa|||j|||000zy | ||
| 200 | 1 |
_aПроектирование обуви в системе 3D _eучебное пособие _eдля подготовки обучающихся по направлениям 29.03.05, 29.04.05, 29.04.01 _fИльюшин С.В., Белгородский В.С., Довнич И.И. _gМинистерство образования и науки Российской Федерации, Федеральное государственное бюджетное образовательное учреждение высшего профессионального образования "Московский государственный университет дизайна и технологии" (ФГБОУ ВПО "МГУДТ") |
|
| 210 |
_aМосква _cМГУДТ _d2014 |
||
| 215 |
_a86 с. _cил. _d21 |
||
| 320 | _aБиблиогр.: с. 80-86 (64 назв.) | ||
| 606 | 1 |
_aОбувь _jУчебные издания для высших учебных заведений _xКонструирование на компьютерах _92160403 _3RU\NLR\AUTH\661604885 |
|
| 610 | 0 | _a3D-моделирование | |
| 610 | 0 | _a3D-проектирование | |
| 610 | 0 | _aтрёхмерное моделирование | |
| 610 | 0 | _aтрёхмерное проектирование | |
| 686 |
_aМ55-2-5-05я73-1 _2rubbk |
||
| 686 | 1 | _aМ55-2-5-05я73-1 | |
| 700 | 1 |
_aИльюшин _bС.В. _gСергей Владимирович |
|
| 701 | 1 |
_aБелгородский _bВ. С. _f1963- _gВалерий Савельевич |
|
| 701 | 1 |
_aДовнич _bИ. И. _gИгорь Иванович |
|
| 942 | _cBOOK | ||
| 980 | _aNBR | ||